Library of the University of Algiers 3
Ibrahim Sultan Cheibout
شعار جامعة الجزائر 3
مكتبة جامعة الجزائر 3
إبراهيم سلطان شيبوط

المالية الدولية / (رقم التسجيلة. 44610)

تفاصيل مارك
000 -LEADER
fixed length control field 02593nam a2200241Ia 4500
003 - CONTROL NUMBER IDENTIFIER
control field Ost
005 - DATE AND TIME OF LATEST TRANSACTION
control field 20260507075449.0
008 - FIXED-LENGTH DATA ELEMENTS--GENERAL INFORMATION
fixed length control field 260507s9999||||xx |||||||||||||| ||und||
020 ## - INTERNATIONAL STANDARD BOOK NUMBER
International Standard Book Number 81363399579
040 ## - CATALOGING SOURCE
Transcribing agency fsecg
041 ## - LANGUAGE CODE
Language code of text/sound track or separate title ara
082 ## - DEWEY DECIMAL CLASSIFICATION NUMBER
Classification number 336
100 ## - MAIN ENTRY--PERSONAL NAME
Personal name القريشي، محمد صالح
Relator term مؤلف
245 #0 - TITLE STATEMENT
Title المالية الدولية /
Statement of responsibility, etc. محمد صالح القريشي
260 ## - PUBLICATION, DISTRIBUTION, ETC.
Place of publication, distribution, etc. عمان:
Name of publisher, distributor, etc. مؤسسة الوراق,
Date of publication, distribution, etc. 2007
300 ## - PHYSICAL DESCRIPTION
Extent 297 صفحة؛
Other physical details إيضاحات ؛
Dimensions 24 سم
504 ## - BIBLIOGRAPHY, ETC. NOTE
Bibliography, etc. note بيبليوغرافيا ص.285
520 ## - SUMMARY, ETC.
Summary, etc. تهتم المالية الدولية بالابعاد الكونية للاسواق والمؤسسات والادوات والاساليب وقضايا السياسة العامة التي تنشأ من الاسواق والاساليب ، والمالية الحديثة تتضمن دراسة سعر الصرف الاجنبي واستعمال الاسواق الدولية مثل اسواق العملة الاوروبية ، واسواق السندات الاوروبية ،ان دراسة الاقتصاد الدولي في العصر الحديث لا تعتمد على نظرية ومشكلات التجارة بين الاقطار المختلفة بل اصبحت العلاقات بين الدول تعتمد على الاعتبارات المالية الى جانب القضايا التجارية ، ويشتمل الكتاب على خمسة عشر فصلا : تناولت مقدمة في المالية الدولية ، وموضوع النقود ومعادلات الصرف الاجنبي ، كما ذكر دراسة سعر الصرف المحدد مقدما والوقاية من مخاطر الصرف الاجنبي ، ودراسة لميزان المدفوعات نظرية ومفاهيم ، وتطرق الى الاقتصاد الكلي الدولي للتعرف على اشتقاق منحنى ميزان المدفوعات من منحنى (IS) ، واستعرض ايضا النظام النقدي الدولي تاريخا ومؤسسات وتغيرات ، وتناول موضوعات خصائص و هيكل الصيرفة الدولية/الاستثمار الاجنبي المباشر و التمويل الدولي/سوق العملة الاوروبية/الاسواق المالية الدولية/الازمات الدولية المالية/الادوات الجديدة في المالية العامة /المالية الكونية
653 ## - INDEX TERM--UNCONTROLLED
Uncontrolled term التمويل الدولي
653 ## - INDEX TERM--UNCONTROLLED
Uncontrolled term السياسة المالية
653 ## - INDEX TERM--UNCONTROLLED
Uncontrolled term المالية العامة
942 ## - ADDED ENTRY ELEMENTS (KOHA)
Koha item type كتب
المقتنيات
Withdrawn status Lost status Source of classification or shelving scheme Damaged status Not for loan Home library Current library Date acquired Serial enumeration / chronology Inventory number Total checkouts Full call number Barcode Date last seen Price effective from Koha item type
    Dewey Decimal Classification   NOT LOAN / إعارة داخلية مكتبة كلية العلوم الإقتصادية والعلوم التجارية وعلوم التسيير مكتبة كلية العلوم الإقتصادية والعلوم التجارية وعلوم التسيير 07/05/2026 الطابق الأرضي 4051   أ/2845ن1 4051 07/05/2026 07/05/2026 كتب
    Dewey Decimal Classification   Available مكتبة كلية العلوم الإقتصادية والعلوم التجارية وعلوم التسيير مكتبة كلية العلوم الإقتصادية والعلوم التجارية وعلوم التسيير 07/05/2026 الطابق الأرضي 4052   أ/2845ن2 4052 07/05/2026 07/05/2026 كتب
    Dewey Decimal Classification   Available مكتبة كلية العلوم الإقتصادية والعلوم التجارية وعلوم التسيير مكتبة كلية العلوم الإقتصادية والعلوم التجارية وعلوم التسيير 07/05/2026 الطابق الأرضي 4053   أ/2845ن3 4053 07/05/2026 07/05/2026 كتب
    Dewey Decimal Classification   Available مكتبة كلية العلوم الإقتصادية والعلوم التجارية وعلوم التسيير مكتبة كلية العلوم الإقتصادية والعلوم التجارية وعلوم التسيير 07/05/2026 الطابق الثاني 4054   أ/2845ن4 4054 07/05/2026 07/05/2026 كتب
    Dewey Decimal Classification   Available مكتبة كلية العلوم الإقتصادية والعلوم التجارية وعلوم التسيير مكتبة كلية العلوم الإقتصادية والعلوم التجارية وعلوم التسيير 07/05/2026 الطابق الثاني 4055   أ/2845ن5 4055 07/05/2026 07/05/2026 كتب
    Dewey Decimal Classification   Available مكتبة كلية العلوم الإقتصادية والعلوم التجارية وعلوم التسيير مكتبة كلية العلوم الإقتصادية والعلوم التجارية وعلوم التسيير 07/05/2026 مكتبة بن عكنون 4056   أ/2845ن6 4056 07/05/2026 07/05/2026 كتب
    Dewey Decimal Classification   Available مكتبة كلية العلوم الإقتصادية والعلوم التجارية وعلوم التسيير مكتبة كلية العلوم الإقتصادية والعلوم التجارية وعلوم التسيير 07/05/2026 مكتبة بن عكنون 4057   أ/2845ن7 4057 07/05/2026 07/05/2026 كتب
    Dewey Decimal Classification   Available مكتبة كلية العلوم الإقتصادية والعلوم التجارية وعلوم التسيير مكتبة كلية العلوم الإقتصادية والعلوم التجارية وعلوم التسيير 07/05/2026 مكتبة بن عكنون 4058   أ/2845ن8 4058 07/05/2026 07/05/2026 كتب

موارد الويب المفتوحة


© University of Algiers 3 All Rights Reserved
|
Implemented by LECHELAH Riad